Biotechnology, genetic manipulation biosafety and cbd / (Record no. 150884)

MARC details
000 -LEADER
fixed length control field 00693nam a22002057a 4500
005 - DATE AND TIME OF LATEST TRANSACTION
control field 20180419100343.0
010 ## - LCCN (DPL NO)
LC control number ENG-122517
020 ## - INTERNATIONAL STANDARD BOOK NUMBER
International Standard Book Number 9788171393886
Terms of availability 900.00
035 ## - SYSTEM CONTROL NUMBER
System control number EN-106049
037 ## - SOURCE OF ACQUISITION
Source of stock number/acquisition DBAD/PUB.
082 ## - DEWEY DECIMAL CLASSIFICATION NUMBER
Classification number 660.6
100 ## - MAIN ENTRY--PERSONAL NAME
Personal name Azharul Haque
245 ## - TITLE STATEMENT
Title Biotechnology, genetic manipulation biosafety and cbd /
Statement of responsibility, etc by Mohd. Azharul Haque [and] H. Rocky Singh
260 ## - PUBLICATION, DISTRIBUTION, ETC. (IMPRINT)
Place of publication, distribution, etc New Delhi
Name of publisher, distributor, etc Jnanada Pekashan (P&D)
Date of publication, distribution, etc 2016
270 ## - ADDRESS
Address 4837/2, 24, Ansari Road, Daryaganj,
City New Delhi
Postal code 110003
Telephone number 011-23272047
300 ## - PHYSICAL DESCRIPTION
Extent 317p.
Other physical details ill.
Dimensions 21cm.(Hb)
500 ## - GENERAL NOTE
General note Includes bibliography [and] index
700 ## - ADDED ENTRY--PERSONAL NAME
Dates associated with a name H. Rocky Singh
942 ## - ADDED ENTRY ELEMENTS (KOHA)
Source of classification or shelving scheme Dewey Decimal Classification
Item type English Books
Call number suffix AZH
Classification part 660.6
Holdings
Withdrawn status Lost status Not for loan Collection code Home library Current library Date acquired Source of acquisition Cost, normal purchase price Full call number Barcode Copy number Cost, replacement price Koha item type
    Not For Loan Non-fiction D.B.Act.Division Patel Nagar 09/04/2018 DBAD/PUB 900.00 660.6 AZH EN-106049 1 900.00 English Books

© Delhi Public Library
Hit Counter
free hit counter